Economía para ignorantes, en economía /
Introducción a la economía política y a la teoría económica en general, que antecedió al diccionario de Rius sobre el mismo tema, titulado Lexikón economikón.
Spremljeno u:
| Glavni autor: | |
|---|---|
| Format: | Knjiga |
| Jezik: | španjolski |
| Izdano: |
México :
Posada,
1985
|
| Izdanje: | 4a edición |
| Teme: | |
| Oznake: |
Bez oznaka, Budi prvi tko označuje ovaj zapis!
|
MARC
| LEADER | 00000nam^a2200000^a^4500 | ||
|---|---|---|---|
| 001 | 000019687 | ||
| 005 | 20250521000000.0 | ||
| 009 | 20260310084306.743 | ||
| 020 | |a 968-433-040-5 | ||
| 037 | |a Acervo ITESO - Biblioteca | ||
| 041 | |a ESP | ||
| 082 | |a 741. 502 |b RIU | ||
| 100 | |a Rius |e (autor) | ||
| 240 | 1 | 1 | |a [Economía para ignorantes, en economía] |
| 245 | 1 | 0 | |a Economía para ignorantes, en economía / |c Rius. |
| 250 | |a 4a edición | ||
| 264 | 1 | |a México : |b Posada, |c 1985 | |
| 300 | |a 118 p. | ||
| 336 | |a texto |b txt |2 rdacontenido | ||
| 337 | |a sin mediación |b n |2 rdamedio | ||
| 338 | |a volumen |b nc |2 rdasoporte | ||
| 520 | |a Introducción a la economía política y a la teoría económica en general, que antecedió al diccionario de Rius sobre el mismo tema, titulado Lexikón economikón. | ||
| 545 | 0 | |a Rius, pseudónimo de Eduardo del Río García (Zamora, 1934), considerado el caricaturista más popular de México, así como el creador de una forma de comunicación basada en el lenguaje de la historieta y el collage (libro-cómics, lo llama él), con la que ha publicado más de cien títulos, entre los que destacan: La panza es primero; La trukulenta historia del Kapitalismo; Filosofía para principiantes; Osama Tío Sam; Recetarius; Mis queridos agachados. Ha colaborado, entre otras, con las publicaciones Sucesos para todos, Excélsior, Siempre!, Proceso, La Jornada; ha fundado y dirigido La Gallina, Marca Diablo, El Mitote Ilustrado, y La Garrapata; es cofundador y codirector de El Chahuistle y El Chamuco. Es creador de Los supermachos y Los Agachados. Su labor ha sido reconocida con el Premio de la Asociación Mexicana de Periodistas (1959), Gran Prix de Montreal (1968), Premio Nacional de Periodismo (1987), Premio Forte del Marni de Sátira Política (1995). | |
| 649 | |a XX | ||
| 650 | |a Economía Política - |x Teoría - |x Tema Principal | ||
| 650 | |a Economía - |x Teoría - |x Tema Principal | ||
| 650 | |a Historietas y Caricaturas de Temas Políticos y Sociales - |x Tema Principal | ||
| 650 | |a Historietas y Caricaturas Mexicanas | ||
| 650 | |a Medios de Comunicación | ||
| 650 | |a Medios Impresos | ||
| 650 | |a Comunicación Masiva | ||
| 650 | |a Comunicación Visual | ||
| 650 | |a Enciclopedias y Diccionarios | ||
| 910 | |a Fondo General | ||
| 920 | |a Impresos - Libros | ||
| 930 | |a Colección General | ||
| 905 | |a 101 | ||
| 901 | |a 0196870100 |b IT1 |c ACC |i 019687 |u 20250521 | ||
| 902 | |a https://opac.biblio.iteso.mx/vufind/Record/000019687 | ||